000 00337nam a2200121 a 4500
001 000043776
005 20201002044950.0
008 140428s19uu dr a 000 0 spa d
040 _aDO-SdBNP
_bspa
_cBNPHU
245 0 0 _aBreve historia de la imprenta /.
260 _aSanto Domingo :
_bCorripio,
_c[190-?].
300 _a23 p. :
_bil. ;
_c16 cm.
999 _c43265
_d43265